00515nam a2200193 a 4500001001300000003000900013005001700022008004100039020001000080082001300090100001700103245006700120260005000187300000900237500003500246505001000281650001300291700001700304nice12345678IN_TiNIC20260116013110.0050524s1906 cama grp 000 0 eng  ac10000a227bMOU aMoule, H C G aEpistles of Paul the Apostle to the Colossians and to Philemon aCambridge bCambridge University Press c1906 a192p aincludes index and biblioraphy2 aIndex aEpistles1 aMoule, H C G